000 00699nas a2200229 4500
001 BR6800142
003 BR-BrBNA
005 20231205082247.0
007 ta
008 230509b bl.|||p| |||| 00| 00por d
040 _aBR-BrBNA
_bpor
_cBiblioteca Nacional de Agricultura
041 _a(Pt)
072 _aQ10
100 1 _aQuast, D.G.
245 1 _aFisico-quimica da agua em alimentos desidratados
650 _aTecnologia de alimento
650 _aAlimento desidratado
650 _aAgua
773 0 _tBoletim do Centro Tropical de Pesquisas e Tecnologia de Alimentos (Brazil)
_x
_g(Mar 1968), (no. 13) p. 1-25
_wBR6800142
909 _a202311
_bLúcia
_c55
_dLúcia Elande
942 _2AGRIS
_n0
_cANA
999 _c90398
_d90398